Vocabulaire Espagnol - Statistiques

Statistiques générales
  • Ce quiz a été pris 60 fois
  • Le résultat moyen est 38 sur 287
Statistiques - réponses
Français Espagnol % Correct
Ami Amigo
52%
Amour Amor
46%
Bien Bien
46%
Boire Beber
43%
Eau Agua
41%
Art Arte
41%
Aide Ayuda
41%
Blanc Blanco
41%
An Año
39%
Apprendre Aprender
39%
Ici Aqui
39%
Danser Bailar
39%
Café Café
39%
En plus Además
37%
Bouche Boca
37%
Bon Buen
37%
Cheval Caballo
37%
Ouvrir Abrir
35%
Maintenant Ahora
35%
Animal Animal
35%
Nom de famille Apellido
35%
Aider Ayudar
35%
Bain Baño
35%
Chercher Buscar
35%
Aéroport Aeropuerto
33%
Bienvenue Bienvenido
33%
Bras Brazo
33%
Tête Cabeza
33%
Rue Calle
33%
Acteur Actor
30%
Là-bas Alli
30%
Jaune Amarillo
30%
Avant Antes
30%
Avion Avion
30%
Salle de bain Baño
30%
Chaque Cada
30%
Chaleur Calor
30%
Accord Acuerdo
28%
Au revoir Adios
28%
Août Agosto
28%
Riz Arroz
28%
Autobus Autobùs
28%
Auteur Autor
28%
Changement Cambio
28%
Ça Eso
28%
Ouvert Abierto
26%
Action Acción
26%
Actrice Actriz
26%
Air Aire
26%
Quelqu'un Alguien
26%
Article Articulo
26%
Hier Ayer
26%
Changer Cambiar
26%
Accident Accidente
24%
Agriculture Agricultura
24%
Grand, haut Alto
24%
Arbre Arbol
24%
Ballon Balon
24%
Bicyclette Bicicleta
24%
Tomber Caer
24%
Élève Alumno
22%
Aimable Amable
22%
Anormal Anormal
22%
Artiste Artista
22%
Augmenter Aumentar
22%
Autorité Autoridad
22%
Balcon Balcon
22%
Bar Bar
22%
Embrasser Besar
22%
Sac Bolsa
22%
Chaud Caliente
22%
Joie Alegria
20%
Marcher Andar
20%
Antérieur, précedent Anterior
20%
Apparaitre Aparecer
20%
Sable Arena
20%
Attention Atencion
20%
Sucre Azucar
20%
Banc, banque Banco
20%
Drapeau Bandera
20%
Boisson Bebida
20%
Forêt Bosque
20%
Chemise Camisa
20%
Dessous, en bas Abajo
17%
Actualiser Actualizar
17%
Âme Alma
17%
Amitié Amistad
17%
Éteindre Apagar
17%
Ainsi, comme cela Asi
17%
Quartier Barrio
17%
Calculatrice Calculadora
17%
Qualité Calidad
17%
Lit Cama
17%
Dire au revoir Decir adios
17%
Être d'accord Estar de acuerdo
17%
Chapeau Sombrero
17%
Robe Vestido
17%
Huile Aceite
15%
Acceptable Aceptable
15%
Alcool Alcohol
15%
Alimenter Alimentar
15%
Appétit Apetito
15%
Athlétisme Atletismo
15%
Thon Atùn
15%
Bien que Aunque
15%
Descendre Bajar
15%
Bas, basse, petit Bajo
15%
Basket-ball Baloncesto
15%
Se baigner Bañarse
15%
Bateau Barco
15%
Baiser (le) Beso
15%
Cheveu Cabello
15%
S'ennuyer Aburrirse
13%
Accent Acento
13%
en avant, plus loin Adelante
13%
Agréable Agradable
13%
Eau minérale Agua mineral
13%
Joyeux Alegre
13%
Quelque chose Algo
13%
Autour (de) Alrededor
13%
Vieux, ancien Antiguo
13%
Annoncer Anunciar
13%
Apparence Aparencia
13%
Appartement Apartamento
13%
Absence Ausencia
13%
Assez Bastante
13%
Billet Billete
13%
Sac à main Bolso
13%
Bottes Botas
13%
Cafétéria Cafeteria
13%
Taire Callar
13%
Change (le) Cambio
13%
D'accord De acuerdo
13%
Quelque Alguno
11%
Amant, maitresse Amante
11%
Ajouter Añadir
11%
Profiter Aprovechar
11%
En haut Arriba
11%
Arobase Arroba
11%
Ascenceur Ascensor
11%
Mairie Ayuntamiento
11%
Bal, danse Baile
11%
Sous, dessous Bajo
11%
Ça suffit ! Basta
11%
Stylobille Boligrafo
11%
Âne Burro
11%
Boîte, caisse Caja
11%
Jupe Falda
11%
Finir de Acabar de
9%
Conseiller Aconsejar
9%
Dehors Afuera
9%
Remercier Agradecer
9%
Logement Alojamiento
9%
Analyse Análisis
9%
Avant-hier Anteayer
9%
Annonce, publicité Anuncio
9%
Autoroute Autopista
9%
Bleu Azur
9%
Hand-ball Balonmano
9%
Moustache Bigote
9%
Billard Billar
9%
Bouton Botón
9%
Brésilien Brasileño
9%
Chaussettes Calcetines
9%
Calendrier Calendario
9%
Veste Chaqueta
9%
Avortement Aborto
7%
Embrasser Abrazar
7%
Manteau Abrigo
7%
Olive Aceituna
7%
Se coucher Acostarse
7%
Agir Actuar
7%
Entrez ! Adelante
7%
Agence de voyages Agencia de viaje
7%
Ahí
7%
Économiser Ahorrar
7%
Isoler Aislar
7%
Le loyer, la location Alquiler
7%
Ambitieux Ambicioso
7%
Andalou Andaluz
7%
Anniversaire Aniversario
7%
Hier soir, la nuit derniere Anoche
7%
Même Aun
7%
Encore, toujours Aùn
7%
Stylo Boli
7%
Joli Bonito
7%
Ivre, ivresse Borracho
7%
Effacer Borrar
7%
Plaisanterie Broma
7%
Écharpe Bufanda
7%
Recherche Busqueda
7%
Chaîne Cadena
7%
Chauffer Calentar
7%
Ceinture Cinturón
7%
Casquette Gorra
7%
Pyjama Pijama
7%
Accolade Abrazo
4%
Finir Acabar
4%
Événement Acontecimiento
4%
Dedans Adentro
4%
Eau du robinet Agua del grifo
4%
Hauteur Altura
4%
Ambiance Ambiente
4%
Embouteillage Atasco
4%
Derrière Atràs
4%
Avenue Avenida
4%
Avertir, prévenir Avisar
4%
Bon marché Barato
4%
Barbe Barba
4%
Belge Belga
4%
Biologie Biologica
4%
Sandwich Bocadillo
4%
Chacun, chacune Cada uno
4%
Gants Guantes
4%
Pantalon Pantalones
4%
Dépasser, Devancer (un véhicule) Adelantar
2%
Maigrir Adelgazar
2%
Eau gazeuse Agua con gas
2%
Supporter Aguantar
2%
Oreiller Almohada
2%
Déjeuner Almorzar
2%
Menacer Amenazar
2%
Large Ancho
2%
Quai Andén
2%
Parking Aparcamiento
2%
Arranger Arreglar
2%
Étonner Asombrar
2%
L'affaire, le sujet Asunto
2%
Attentif Atento
2%
Oser Atraverse
2%
Panne Averia
2%
Hotesse Azafata
2%
Sucré Azucarado
2%
Mou Blando
2%
Blouse Blusa
2%
Poche Bolsillo
2%
Boxe Boxeo
2%
Moteur de recherche Buscador
2%
Aller bien Caer bien
2%
Chute Caida
2%
Garçon, seveur Camarero
2%
Peut-être Acaso
0%
Trottoir Acera
0%
S'approcher de Acercarse a
0%
Réussir, deviner Acertar
0%
Accompagner Acompaños
0%
Altitude Actidud
0%
Dépasser, Devancer Adaptar
0%
Douane Adouana
0%
Acquérir Adquirir
0%
Exprès Adrede
0%
Avertir, prevenir Advertir
0%
Se raser Afeitarse
0%
Amateur Aficionado
0%
Déjeuner (le) Almorza
0%
Loger Alquilar
0%
Plutôt Antes que
0%
Se garer Aparcar
0%
Désirer Apetecer
0%
Surnom Apodo
0%
Réussir un examen Aprobar un examen
0%
Dossier informatique Archivo
0%
Armoire Armario
0%
Rôtir, griller Asar
0%
Toilettes Aseos
0%
Siège Asiento
0%
Se pencher Asomarse
0%
Attacher Atar
0%
Attentat Atentado
0%
Traverser Atraverso
0%
Salle de classe Aulo
0%
Secours Auxilio
0%
Bifteck Bisteck
0%
Thon Bonito
0%
Bouteille Botello
0%
Culotte Bragas
0%
Porter un toast Brindar por
0%
Boîte aux lettres Buzón
0%
Tenir, entrer Caber
0%
Chauffage Calefaccion
0%
Chaussures Calzado
0%
Appareil photo Camara fotografica
0%
Chemise de nuit Camisón
0%
Être reconnaissant Estar agradecer
0%
Être amateur de Ser aficionado
0%
Maillot de bain Traje de baño
0%
Chausson Zapatillas
0%
Aucun quiz correspondant
Distribution des résultats
% des personnes avec chaque résultat
Percentile par nombre de réponses
Votre historique - résultats
Vous n’avez pas pris ce quiz